000 00416nam a2200133Ia 4500
008 170419s9999 xx 000 0 und d
100 _aBender, Miriam.
245 _aClinical nurse leader integration into practice: developing theory to guide best practice
245 _cMiriam Bender.
260 _bElsevier
260 _c2016
300 _aJanuary/February 2016
440 _aJournal of Profesional Nursing
_v32:1
999 _c329501
_d329501